| 000 | 00638nam a22002177a 4500 | ||
|---|---|---|---|
| 003 | OSt | ||
| 005 | 20140310183129.0 | ||
| 008 | 130531t xxu||||| |||| 00| 0 eng d | ||
| 020 | _a9712337804 | ||
| 050 |
_aBL 624 _b.P324 2006 |
||
| 082 |
_aFIL 248 _bM36 2006 |
||
| 245 |
_aSurrender : _bgoing through God's providential love and care / _cSr. Mary Paul of the Cross, O.P. |
||
| 260 |
_aManila, Philippines : _bRex Book Store, _c2006. |
||
| 300 |
_axv, 100 p. : _bill. ; _c23 cm. |
||
| 521 | _acollege students | ||
| 526 | _c1210L-1700L | ||
| 541 | _j1 | ||
| 541 | _j2 | ||
| 562 | _e2 | ||
| 942 |
_2lcc _cBK _kFIL |
||
| 999 |
_c19109 _d19109 |
||